000 00267nam a2200097Ia 4500
001 647144
005 20250826153656.0
008 250824s9999 xx 000 0 und d
245 0 _aLEVENT TÜRKİYEYİ GEZİYORUM 32 ANTALYA DA
_cMUSTAFA ORAKÇI
260 _bTİMAŞ ÇOCUK
999 _c647144
_d647144